000 00881nam a22003017a 4500
001 000600
003 DO-SdBPM
005 20250514070155.0
007 000600
008 161026b1999 sp a 00| 0 spa d
020 _a8420448567
040 _aDO-SdBPM
_bspa
_cBPMSU
082 4 _a863.6
_bL747 1999
_222
100 1 _aLindo, Elvira,
_d1962-
245 1 0 _aManolito Gafotas /
_cElvira Lindo ; ilustraciones de Emilio Urberuga.
260 _aMadrid :
_bAlfaguara,
_c1999
300 _a134 p. :
_bil. ;
_c19 cm.
490 0 _aAlfaguara juvenil
500 _a
500 _aDesde 12 años
590 _aInventariado, 2025/VM
650 4 _aCuentos infantiles españoles
650 4 _aNiños
_2Cuentos infantiles
650 4 _aLiteratura española Infantil
700 1 _aUrberuga, Emilio,
_eilustraciones
910 _aVMateo V. Control de calidad. BPMSU
942 _2ddc
_cBK
999 _c11686
_d11686